| 000 | 00442ntaaa2200181 4500 | ||
|---|---|---|---|
| 003 | 01 | ||
| 005 | 20251027203027.0 | ||
| 008 | 0714s1973 ag 01 | ||
| 020 | _a8470692887 | ||
| 040 |
_aAR-BaBN _bspa _cAR-BaBN _eaacr _dRIC |
||
| 082 | _a912.0000 At6o | ||
| 245 | _aAtlas y geografĂa universal oceano | ||
| 250 | _a1 ed. | ||
| 260 |
_aBarcelona : _bOceano, _c1989 |
||
| 300 |
_a400 p ; _c30,5 cm |
||
| 650 | _aAtlas Universal | ||
| 942 | _cBK | ||
| 999 |
_c25645 _d25645 |
||